[Event "Bulgaria ch 2009"]
[Site "Blagoevgrad BUL"]
[Date "2009.02.21"]
[Round "12.3"]
[White "Enchev, Ivajlo"]
[Black "Berbatov, Kiprian"]
[Result "0-1"]
[WhiteElo "2382"]
[BlackElo "2392"]
[PlyCount "118"]
[EventDate "2009.02.12"]
[EventType "tourn"]
[EventRounds "13"]
[EventCountry "BUL"]
[EventCategory "8"]
[Source "lmi"]
[SourceDate "2009.02.12"]

1. d4 Nf6 2. c4 g6 3. Nc3 Bg7 4. e4 d6 5. Nf3 O-O 6. Be2 e5 7. O-O Nc6 8. d5
Ne7 9. Ne1 Nd7 10. f3 f5 11. g4 Kh8 12. h4 Ng8 13. g5 Rf7 14. Kg2 f4 15. Rh1 h6
16. Nd3 Bf8 17. Qg1 Be7 18. Kf1 Nf8 19. b4 hxg5 20. hxg5+ Rh7 21. Rxh7+ Nxh7
22. Nxf4 Kg7 23. Nd3 Bxg5 24. Bxg5 Nxg5 25. Ke1 a5 26. bxa5 Rxa5 27. Qg3 Nh6
28. Kd2 Nhf7 29. f4 exf4 30. Qxf4 c6 31. e5 dxe5 32. Nxe5 Qb6 33. Nd3 Ra3 34.
Rc1 Bf5 35. Bg4 Bxg4 36. Qxg4 cxd5 37. cxd5 Qf6 38. Qf4 Qxf4+ 39. Nxf4 Nd6 40.
Kc2 Kf6 41. Rf1 Nf5 42. Rb1 b5 43. Rb4 Nd6 44. Kb2 Ra5 45. Kb3 Nf3 46. a4 bxa4+
47. Rxa4 Rxa4 48. Kxa4 g5 49. Nfe2 Ke5 50. Kb3 Nd4+ 51. Nxd4 Kxd4 52. Kc2 Ke3
53. Nd1+ Kf3 54. Kd2 g4 55. Ke1 g3 56. Kf1 Ne4 57. d6 Ng5 58. Nf2 gxf2 59. d7
Ne4 0-1

[Event "Bulgaria ch 2009"]
[Site "Blagoevgrad BUL"]
[Date "2009.02.21"]
[Round "12.5"]
[White "Vutov, M  Mario"]
[Black "Radulski, Julian"]
[Result "1-0"]
[WhiteElo "2262"]
[BlackElo "2579"]
[PlyCount "111"]
[EventDate "2009.02.12"]
[EventType "tourn"]
[EventRounds "13"]
[EventCountry "BUL"]
[EventCategory "8"]
[Source "lmi"]
[SourceDate "2009.02.12"]

1. e4 e5 2. Nf3 Nc6 3. Bb5 a6 4. Ba4 Nf6 5. O-O Be7 6. Bxc6 dxc6 7. d3 Nd7 8.
Nbd2 O-O 9. Nc4 f6 10. Nh4 Nc5 11. Nf5 Bxf5 12. exf5 a5 13. Re1 a4 14. Be3 Qd5
15. Qg4 Rfd8 16. Nd2 Qf7 17. h4 a3 18. b3 Na6 19. Ne4 Nb4 20. Rec1 b6 21. Ng3
Nd5 22. Bd2 c5 23. Re1 c6 24. h5 Kh8 25. Re4 b5 26. Qf3 Bd6 27. Rae1 Bc7 28.
Rh4 Ba5 29. Bxa5 Rxa5 30. h6 Rg8 31. hxg7+ Rxg7 32. Ne4 Qf8 33. g3 Raa7 34. Kg2
Nb4 35. c3 Nd5 36. c4 Nb4 37. Reh1 Nc2 38. Rh6 Raf7 39. Qh5 Qe7 40. g4 Nd4 41.
f3 bxc4 42. dxc4 Qd7 43. Rd1 Qe7 44. Kf2 Qf8 45. Qh4 Qe7 46. Nxf6 e4 47. Nxe4
Qe5 48. Qh2 Qe8 49. Qf4 Qg8 50. Qe5 Re7 51. Qxc5 Nxf3 52. Kxf3 Rxe4 53. Kxe4
Rxg4+ 54. Kf3 Qe8 55. Kxg4 Qe4+ 56. Kg3 1-0

[Event "Bulgaria ch 2009"]
[Site "Blagoevgrad BUL"]
[Date "2009.02.21"]
[Round "12.6"]
[White "Arnaudov, G  Petar"]
[Black "Kukov, Velislav"]
[Result "1/2-1/2"]
[WhiteElo "2347"]
[BlackElo "2373"]
[PlyCount "69"]
[EventDate "2009.02.12"]
[EventType "tourn"]
[EventRounds "13"]
[EventCountry "BUL"]
[EventCategory "8"]
[Source "lmi"]
[SourceDate "2009.02.12"]

1. d4 d5 2. c4 c6 3. Nf3 Nf6 4. Nc3 a6 5. e3 Bg4 6. h3 Bxf3 7. Qxf3 e6 8. Bd3
b5 9. cxd5 cxd5 10. O-O Be7 11. Bd2 O-O 12. Rac1 Nbd7 13. Ne2 Qb6 14. Rc2 Rfc8
15. Rfc1 Qb7 16. Nf4 Rxc2 17. Rxc2 Rc8 18. Qd1 Rxc2 19. Qxc2 Nb6 20. g4 Qc8 21.
Qxc8+ Nxc8 22. f3 Nb6 23. b3 Nfd7 24. Ng2 g6 25. Ne1 Kf8 26. Nc2 Ke8 27. Bb4
Bxb4 28. Nxb4 Nb8 29. a4 bxa4 30. bxa4 a5 31. Bb5+ Kd8 32. Nc6+ Nxc6 33. Bxc6
Nd7 34. Bxd7 Kxd7 35. g5 1/2-1/2

[Event "Bulgaria ch 2009"]
[Site "Blagoevgrad BUL"]
[Date "2009.02.22"]
[Round "13.1"]
[White "Nikolov, Momchil"]
[Black "Pantev, Veselin"]
[Result "1/2-1/2"]
[WhiteElo "2478"]
[BlackElo "2381"]
[PlyCount "68"]
[EventDate "2009.02.12"]
[EventType "tourn"]
[EventRounds "13"]
[EventCountry "BUL"]
[EventCategory "8"]
[Source "lmi"]
[SourceDate "2009.02.12"]

1. d4 d5 2. c4 c6 3. cxd5 cxd5 4. Nc3 Nc6 5. Nf3 Nf6 6. Bf4 Bf5 7. e3 e6 8. Bd3
Bxd3 9. Qxd3 Bd6 10. Bxd6 Qxd6 11. O-O O-O 12. Rac1 Rac8 13. h3 h6 14. a3 Na5
15. Ne5 Nc4 16. Nxc4 Rxc4 17. Ne2 Rfc8 18. Rxc4 Rxc4 19. Rc1 Rxc1+ 20. Nxc1 Qc6
21. Ne2 Ne8 22. Qc3 Qxc3 23. Nxc3 Nd6 24. b3 Kf8 25. Kf1 Ke7 26. Ke2 Kd7 27.
Kd3 Kc6 28. h4 h5 29. g3 Nb5 30. Nxb5 Kxb5 31. Kc3 g6 32. f3 f5 33. f4 a5 34.
a4+ Kc6 1/2-1/2

[Event "Bulgaria ch 2009"]
[Site "Blagoevgrad BUL"]
[Date "2009.02.22"]
[Round "13.2"]
[White "Kukov, Velislav"]
[Black "Bojkov, Dejan"]
[Result "0-1"]
[WhiteElo "2373"]
[BlackElo "2477"]
[PlyCount "178"]
[EventDate "2009.02.12"]
[EventType "tourn"]
[EventRounds "13"]
[EventCountry "BUL"]
[EventCategory "8"]
[Source "lmi"]
[SourceDate "2009.02.12"]

1. d4 Nf6 2. Nf3 g6 3. c4 Bg7 4. Nc3 O-O 5. e4 d6 6. h3 e5 7. dxe5 dxe5 8. Qxd8
Rxd8 9. Bg5 Na6 10. Nd5 Rd6 11. Bxf6 Bxf6 12. Rc1 Bd8 13. c5 Re6 14. a3 Kg7 15.
b4 c6 16. Bxa6 cxd5 17. Bd3 Re7 18. O-O f5 19. exd5 e4 20. d6 Rd7 21. Ne5 exd3
22. b5 d2 23. Rc2 Bf6 24. f4 Rd8 25. Rxd2 Bxe5 26. fxe5 Bd7 27. e6 Bxe6 28. c6
Rac8 29. Re1 Kf7 30. d7 Rc7 31. Rde2 Bxd7 32. Re7+ Kf6 33. cxd7 Rdxd7 34. R7e6+
Kg5 35. b6 axb6 36. Rxb6 Rc2 37. Re3 Rd1+ 38. Kh2 f4 39. Rf3 Rdd2 40. Rb5+ Kh6
41. Rxf4 Rxg2+ 42. Kh1 Rh2+ 43. Kg1 Rxh3 44. a4 Rc7 45. Rfb4 Ra3 46. Rh4+ Kg7
47. Rhb4 Rc1+ 48. Kg2 Rc2+ 49. Kg1 Ra1+ 50. Rb1 Rxa4 51. Rxb7+ Kh6 52. R7b5
Rg4+ 53. Kf1 Rg5 54. Rb7 Rf5+ 55. Kg1 Rfc5 56. R1b4 R2c4 57. Rb3 Rc1+ 58. Kg2
R5c2+ 59. Kg3 Rc3+ 60. Rxc3 Rxc3+ 61. Kf4 Rc4+ 62. Ke5 Rc5+ 63. Kf4 g5+ 64. Kg4
Rc4+ 65. Kg3 Rc6 66. Ra7 Kg6 67. Ra5 h5 68. Rb5 Rc3+ 69. Kg2 h4 70. Ra5 Kh5 71.
Ra4 Rc2+ 72. Kh1 h3 73. Rb4 g4 74. Ra4 Kh4 75. Rb4 Re2 76. Ra4 Kg3 77. Ra3+ Kf4
78. Ra8 Kf3 79. Rf8+ Kg3 80. Rf1 Re4 81. Ra1 Kh4 82. Rb1 g3 83. Kg1 Kg4 84. Kh1
Rd4 85. Ra1 Rd3 86. Rb1 Kf3 87. Re1 Kf2 88. Rg1 Ke2 89. Ra1 Rd1+ 0-1

[Event "Bulgaria ch 2009"]
[Site "Blagoevgrad BUL"]
[Date "2009.02.22"]
[Round "13.4"]
[White "Petkov, Vladimir"]
[Black "Vutov, M  Mario"]
[Result "1/2-1/2"]
[WhiteElo "2504"]
[BlackElo "2262"]
[PlyCount "130"]
[EventDate "2009.02.12"]
[EventType "tourn"]
[EventRounds "13"]
[EventCountry "BUL"]
[EventCategory "8"]
[Source "lmi"]
[SourceDate "2009.02.12"]

1. Nf3 c5 2. g3 Nc6 3. Bg2 g6 4. c3 Bg7 5. O-O Qb6 6. Na3 d5 7. Nc2 e5 8. d3
Nf6 9. Rb1 O-O 10. b4 cxb4 11. cxb4 Re8 12. b5 Na5 13. Bd2 e4 14. Nfd4 exd3 15.
exd3 Bd7 16. Bb4 a6 17. a4 axb5 18. axb5 Ng4 19. Bc3 Qd6 20. h3 Nf6 21. Ne3 b6
22. Re1 Rac8 23. Qd2 h5 24. Bb4 Qb8 25. Bxa5 bxa5 26. Qxa5 h4 27. Nc6 Qd6 28.
Qb4 Qxb4 29. Nxb4 hxg3 30. b6 gxf2+ 31. Kxf2 Bc6 32. Nxc6 Rxc6 33. b7 Rb8 34.
Bxd5 Rd6 35. Rb5 Bh6 36. Bc4 Rd7 37. Reb1 Bxe3+ 38. Kxe3 Ne8 39. Rb6 Nd6 40.
Ba6 Kg7 41. R1b4 Kf8 42. Kf4 Ke7 43. h4 f6 44. Rb1 g5+ 45. hxg5 fxg5+ 46. Kxg5
Kd8 47. R6b4 Rf7 48. Rf4 Rg7+ 49. Kh6 Re7 50. Rf8+ Re8 51. Rxe8+ Kxe8 52. Rc1
Kd7 53. Kg7 Ne8+ 54. Kf7 Nc7 55. Bc4 Rxb7 56. Rh1 Rb2 57. Kf6 Re2 58. Rh8 Ne8+
59. Kg5 Nd6 60. Rh7+ Re7 61. Rxe7+ Kxe7 62. Bd5 Nc8 63. Kf5 Kd6 64. Ke4 Nb6 65.
Bf7 Na4 1/2-1/2

[Event "Bulgaria ch 2009"]
[Site "Blagoevgrad BUL"]
[Date "2009.02.22"]
[Round "13.5"]
[White "Berbatov, Kiprian"]
[Black "Chatalbashev, Boris"]
[Result "1-0"]
[WhiteElo "2392"]
[BlackElo "2560"]
[PlyCount "127"]
[EventDate "2009.02.12"]
[EventType "tourn"]
[EventRounds "13"]
[EventCountry "BUL"]
[EventCategory "8"]
[Source "lmi"]
[SourceDate "2009.02.12"]

1. e4 g6 2. d4 Bg7 3. Nc3 d6 4. Be3 a6 5. h4 h5 6. Qd2 b5 7. f3 Nd7 8. Nh3 c5
9. Ng5 cxd4 10. Bxd4 Ngf6 11. a4 b4 12. Nd5 a5 13. Bc4 O-O 14. Nf4 e5 15. Nxg6
d5 16. Nxf8 Qxf8 17. exd5 exd4 18. Qxd4 Ng4 19. Qe4 Ngf6 20. Qe3 Bb7 21. O-O-O
Qd6 22. Nxf7 Qb6 23. Qxb6 Nxb6 24. Nd6 Nxc4 25. Nxc4 Nxd5 26. Rhe1 Nf4 27. Re7
Bc6 28. g3 Nd5 29. Re6 Rc8 30. Nd6 Rf8 31. Nf5 Rxf5 32. Rxc6 Ne3 33. Rd8+ Kh7
34. f4 Ng4 35. c3 bxc3 36. bxc3 Nf6 37. Rc4 Kg6 38. Kd2 Ng4 39. Rc6+ Bf6 40.
Rd7 Nf2 41. Ke3 Ng4+ 42. Ke2 Nh6 43. c4 Nf7 44. Rd5 Nh6 45. Ra6 Rxd5 46. cxd5
Nf5 47. Kf2 Kf7 48. Rxa5 Nd6 49. Ra7+ Kg6 50. Kf3 Kf5 51. a5 Bd4 52. Rd7 Nb5
53. a6 Na7 54. Rb7 Bc5 55. d6 Kf6 56. d7 Ke7 57. f5 Nc6 58. Rc7 Ne5+ 59. Ke4
Nxd7 60. a7 Bxa7 61. Rxa7 Kf6 62. Ra6+ Kg7 63. Kf4 Nf6 64. Rxf6 1-0

[Event "Bulgaria ch 2009"]
[Site "Blagoevgrad BUL"]
[Date "2009.02.22"]
[Round "13.7"]
[White "Filev, Georgi"]
[Black "Rusev, Krasimir"]
[Result "1/2-1/2"]
[WhiteElo "2378"]
[BlackElo "2546"]
[PlyCount "72"]
[EventDate "2009.02.12"]
[EventType "tourn"]
[EventRounds "13"]
[EventCountry "BUL"]
[EventCategory "8"]
[Source "lmi"]
[SourceDate "2009.02.12"]

1. e4 d6 2. d4 e5 3. dxe5 dxe5 4. Qxd8+ Kxd8 5. f3 Be6 6. Be3 Nd7 7. Nd2 Bc5 8.
Kf2 Ke7 9. Bc4 Ngf6 10. Ne2 Rhd8 11. Bxe6 Kxe6 12. Bxc5 Nxc5 13. Rhd1 Ne8 14.
Nc4 Nd6 15. Nxd6 Rxd6 16. Rxd6+ Kxd6 17. Nc3 c6 18. Rd1+ Ke7 19. Ke3 Rd8 20.
Rxd8 Kxd8 21. Nd1 Kd7 22. Nf2 h6 23. Nd3 Kd6 24. Nxc5 Kxc5 25. Kd3 Kd6 26. Kc4
b6 27. c3 g6 28. b3 f6 29. a4 g5 30. g4 Ke6 31. a5 Kd6 32. axb6 axb6 33. b4 b5+
34. Kd3 c5 35. h3 c4+ 36. Ke2 Kc7 1/2-1/2